[Event "Porto Alegre Oncolinos op"]
[Site "Porto Alegre"]
[Date "2013.11.16"]
[Round "4"]
[White "Lukachewski Junior, Wanderlei"]
[Black "Borges, Rodrigo"]
[Result "1/2-1/2"]
[WhiteElo "2031"]
[BlackElo "2244"]
[PlyCount "46"]
[EventDate "2013.11.14"]
[EventType "swiss"]
[EventRounds "7"]
[EventCountry "BRA"]
[SourceTitle "EXT 2015"]
[Source "ChessBase"]
[SourceDate "2014.11.20"]
[SourceVersion "1"]
[SourceVersionDate "2014.11.20"]
[SourceQuality "1"]

1. d4 d5 2. c4 e6 3. Nc3 c6 4. e3 Nd7 5. Bd3 Ngf6 6. Nf3 dxc4 7. Bxc4 b5 8. Bd3 Bb7 9. 0-0 b4 10. Na4 c5 11. dxc5 Bxc5 12. Nxc5 Nxc5 13. Bb5+ Ke7 14. Qxd8+ Rhxd8 15. Bd2 a5 16. Rfd1 Nfe4 17. Be1 Nd6 18. Bf1 Rac8 19. a3 Nb3 20. Rab1 Be4 21. Bd3 Bxd3 22. Rxd3 Nc5 23. Rd4 Nb3 1/2-1/2